000 00550nam a2200205Ia 4500
005 20250508150515.0
008 008 250505s9999 xx 000 0 eng d
037 _aTextual
040 _aFEDL
_beng
_cFEDL
041 _aeng
_2eng
084 _a911.3, DAS
_qFEDL
100 _aDas Gupta A
245 0 _aEconomic and commercial geography
250 _a8th
260 _aCalcutta, India
_bA. Mukherjee & Co. Pvt. Ltd.
_c1945
300 _a496p.
365 _aINR
_b1310
942 _cTEXL
_h911.3, DAS
999 _c1323966
_d1323966